| 000 | 00528nam a2200169Ia 4500 | ||
|---|---|---|---|
| 008 | 151213s9999 xx 000 0 und d | ||
| 020 | _a984-508-479-6 | ||
| 082 |
_a310.6305492 _b310.6305492 |
||
| 100 | _aBangladesh Bureou of Statistics | ||
| 245 |
_aYearbook Of Agriculture Statistics of Bangladesh 1998 _cBangladesh Bureou of Statistics |
||
| 260 |
_aDhaka _bB B S _c2003 |
||
| 300 | _a6410 p. | ||
| 650 | _aReference | ||
| 650 | _aStatistics Report : Reference | ||
| 700 | _aBangladesh Bureou of Statistics | ||
| 999 |
_c3542 _d3542 |
||